Labour and working class in eastern India : (Record no. 19495)

MARC details
000 -LEADER
fixed length control field 00951nam a2200301 a 4500
001 - CONTROL NUMBER
control field 3994108
003 - CONTROL NUMBER IDENTIFIER
control field BDDh-ASL
005 - DATE AND TIME OF LATEST TRANSACTION
control field 20231015025802.0
008 - FIXED-LENGTH DATA ELEMENTS--GENERAL INFORMATION
fixed length control field 950316s1994 ii b 001 0 eng
010 ## - LIBRARY OF CONGRESS CONTROL NUMBER
LC control number 95900050
020 ## - INTERNATIONAL STANDARD BOOK NUMBER
International Standard Book Number 8170741270 :
Terms of availability Rs450.00
025 ## - OVERSEAS ACQUISITION NUMBER
Overseas acquisition number I-E-75318
040 ## - CATALOGING SOURCE
Original cataloging agency DLC
Transcribing agency DLC
Modifying agency BDDh-ASL
042 ## - AUTHENTICATION CODE
Authentication code lcode
043 ## - GEOGRAPHIC AREA CODE
Geographic area code a-ii---
050 00 - LIBRARY OF CONGRESS CALL NUMBER
Classification number HD8686.5
Item number .D28 1994
082 ## - DEWEY DECIMAL CLASSIFICATION NUMBER
Classification number 954
Item number GUL
100 2# - MAIN ENTRY--PERSONAL NAME
Personal name Das Gupta, Ranajit.
245 10 - TITLE STATEMENT
Title Labour and working class in eastern India :
Remainder of title studies in colonial history /
Statement of responsibility, etc. Ranajit Das Gupta.
260 ## - PUBLICATION, DISTRIBUTION, ETC.
Place of publication, distribution, etc. Calcutta :
Name of publisher, distributor, etc. K.P. Bagchi & Co.,
Date of publication, distribution, etc. 1994.
300 ## - PHYSICAL DESCRIPTION
Extent xxx, 525 p. ;
Dimensions 22 cm.
504 ## - BIBLIOGRAPHY, ETC. NOTE
Bibliography, etc. note Includes bibliographical references (p. [497]-513) and index.
650 #0 - SUBJECT ADDED ENTRY--TOPICAL TERM
Topical term or geographic name entry element Working class
Geographic subdivision India
General subdivision History.
650 #0 - SUBJECT ADDED ENTRY--TOPICAL TERM
Topical term or geographic name entry element Labor policy
Geographic subdivision India
General subdivision History.
906 ## - LOCAL DATA ELEMENT F, LDF (RLIN)
a 7
b cbc
c origode
d 3
e ncip
f 19
g y-gencatlg
942 ## - ADDED ENTRY ELEMENTS (KOHA)
Source of classification or shelving scheme Dewey Decimal Classification
Koha item type Books
Holdings
Withdrawn status Lost status Source of classification or shelving scheme Damaged status Not for loan Collection code Home library Current library Shelving location Date acquired Source of acquisition Total Checkouts Full call number Barcode Date last seen Copy number Price effective from Koha item type
    Dewey Decimal Classification     Non-fiction Asiatic Society Library Asiatic Society Library Sirajul Islam Collection 12/06/2020 Donated by Professor Sirajul Islam, FRHS   954 GUL 102837 12/06/2020 C-1 12/06/2020 Books

Powered by Koha